000
00293nam a2200133Ia 4500
003
OSt
005
20231123062310.0
008
170523s9999 xx 000 0 und d
020
_a
0-19-945174-5
040
_c
IIMT
100
_a
Raghubalan- G
245
0
_a
Hotel housekeeping
942
_2
ddc
_c
02
999
_c
11364
_d
11364